Effec of using (polygonum babrtum) in concentrate on growing quail at animal experemental station at royal university of agriculture, (ឥទ្ធិពលនៃការប្រើប្រាស់ស្លឹកកន្ទំាងហែក្រៀមក្នុងចំណីផ្សំលើការលូតលាស់របស់ក្រួចក្នុងស្ថានីយ៍ពិសោធន៍័សត្វ នៅសាកលវិទ្យាល័យភូមិន្ទកសិកម្ម) (Record no. 2350)
[ view plain ]
| 000 -LEADER | |
|---|---|
| fixed length control field | 00888nam a22001577a 4500 |
| 003 - CONTROL NUMBER IDENTIFIER | |
| control field | OSt |
| 005 - DATE AND TIME OF LATEST TRANSACTION | |
| control field | 20151020111438.0 |
| 008 - FIXED-LENGTH DATA ELEMENTS--GENERAL INFORMATION | |
| fixed length control field | 151020b xxu||||| |||| 00| 0 eng d |
| 040 ## - CATALOGING SOURCE | |
| Transcribing agency | RUA |
| 082 ## - DEWEY DECIMAL CLASSIFICATION NUMBER | |
| Classification number | AVM THU 2010 B092 Or.1 |
| 100 ## - MAIN ENTRY--PERSONAL NAME | |
| 9 (RLIN) | 2497 |
| Personal name | THUY NATH |
| 245 ## - TITLE STATEMENT | |
| Title | Effec of using (polygonum babrtum) in concentrate on growing quail at animal experemental station at royal university of agriculture, (ឥទ្ធិពលនៃការប្រើប្រាស់ស្លឹកកន្ទំាងហែក្រៀមក្នុងចំណីផ្សំលើការលូតលាស់របស់ក្រួចក្នុងស្ថានីយ៍ពិសោធន៍័សត្វ នៅសាកលវិទ្យាល័យភូមិន្ទកសិកម្ម) |
| 260 ## - PUBLICATION, DISTRIBUTION, ETC. (IMPRINT) | |
| Place of publication, distribution, etc. | phnom penh |
| Name of publisher, distributor, etc. | rua |
| Date of publication, distribution, etc. | 2010 |
| 300 ## - PHYSICAL DESCRIPTION | |
| Extent | xii, 36p. |
| Other physical details | ill. |
| Dimensions | 29cm. |
| 942 ## - ADDED ENTRY ELEMENTS (KOHA) | |
| Source of classification or shelving scheme | |
| Koha item type | AVM |
| Price effective from | Date last seen | Permanent Location | Not for loan | Date acquired | Source of classification or shelving scheme | Koha item type | Lost status | Withdrawn status | Date last checked out | Total Checkouts | Shelving location | Damaged status | Barcode | Current Location | Full call number |
|---|---|---|---|---|---|---|---|---|---|---|---|---|---|---|---|
| 2015-10-20 | 2015-10-20 | Library Block B | 2015-10-20 | AVM | B092 | RUA016383 | Library Block B | AVM THU 2010 B092 Or.1 | |||||||
| 2015-10-20 | 2015-10-20 | Library Block B | 2015-10-20 | AVM | B092 | RUA015882 | Library Block B | AVM THU 2010 B092 Or.2 | |||||||
| 2015-10-20 | 2015-10-20 | Library Block B | 2015-10-20 | AVM | B092 | RUA015814 | Library Block B | AVM THU 2010 B092 Or.3 | |||||||
| 2015-10-20 | 2015-10-20 | Library Block B | 2015-10-20 | AVM | B092 | RUA015954 | Library Block B | AVM THU 2010 B092 Or.4 | |||||||
| 2015-10-20 | 2015-10-20 | Library Block B | 2015-10-20 | AVM | B092 | RUA016306 | Library Block B | AVM THU 2010 B092 Or.5 | |||||||
| 2015-10-20 | 2015-10-20 | Library Block B | 2015-10-20 | AVM | B092 | RUA018724 | Library Block B | AVM THU 2010 B092 Or.6 | |||||||
| 2015-10-20 | 2021-02-08 | Library Block B | 2015-10-20 | AVM | 2021-01-22 | 1 | B092 | RUA018652 | Library Block B | AVM THU 2010 B092 Or.7 | |||||
| 2015-10-20 | 2015-10-20 | Library Block B | 2015-10-20 | AVM | B092 | RUA018580 | Library Block B | AVM THU 2010 B092 Or.8 | |||||||
| 2015-10-20 | 2015-10-20 | Library Block B | 2015-10-20 | AVM | B092 | RUA018508 | Library Block B | AVM THU 2010 B092 Or.9 |